Quantitative methods for Economics and Finance (Record no. 6126)

MARC details
005 - DATE AND TIME OF LATEST TRANSACTION
control field 20250628165311.0
020 ## - INTERNATIONAL STANDARD BOOK NUMBER
International Standard Book Number 978-9976-59-843-3
082 ## - DEWEY DECIMAL CLASSIFICATION NUMBER
Classification number 378.1750 EPA
100 ## - MAIN ENTRY--PERSONAL NAME
Author name EPAPHRA, M
245 ## - TITLE STATEMENT
Title Quantitative methods for Economics and Finance
260 ## - PUBLICATION, DISTRIBUTION, ETC.
Place of publication, distribution, etc. Ukraine
Name of publisher, distributor, etc. Virtus
Date of publication, distribution, etc. 2020
300 ## - PHYSICAL DESCRIPTION
Extent xxiii, 929p.;ill.; figure
Other physical details Index
Dimensions 24cm
942 ## - ADDED ENTRY ELEMENTS (KOHA)
Source of classification or shelving scheme Dewey Decimal Classification
Koha item type Books
Holdings
Date last seen Total checkouts Full call number Barcode Cost, replacement price Price effective from Koha item type Lost status Source of classification or shelving scheme Damaged status Not for loan Withdrawn status Home library Current library Shelving location Date acquired Cost, normal purchase price Date due Date last checked out
06/28/2025   378.1750 EPA DOM0004203 180000.00 06/28/2025 Books   Dewey Decimal Classification       CBE Dodoma CBE Dodoma General Collection 06/03/2021 60000.00    
02/25/2026 1 378.1750 EPA DOM0004204 180000.00 06/28/2025 Books   Dewey Decimal Classification       CBE Dodoma CBE Dodoma General Collection 06/03/2021 60000.00 03/11/2026 02/25/2026
02/23/2026 1 378.1750 EPA DOM0004205 180000.00 06/28/2025 Books   Dewey Decimal Classification       CBE Dodoma CBE Dodoma General Collection 06/03/2021 60000.00   02/19/2026
06/28/2025   378.1750 EPA DOM0004206 180000.00 06/28/2025 Books   Dewey Decimal Classification       CBE Dodoma CBE Dodoma General Collection 06/03/2021 60000.00